|
|
|
|
| LEADER |
00000nam a2200000 a 4500 |
| 001 |
vtls009963710 |
| 003 |
SK-MaSNL |
| 005 |
20260301030150.0 |
| 008 |
240318 000 0 eng |
| 040 |
|
|
|a SNK
|b slo
|c SNK
|e AACR2
|
| 100 |
1 |
|
|a Handzová, Viera,
|d 1931-1997
|4 aut
|9 123047
|
| 245 |
1 |
0 |
|a Madlenka
|b rasskazy
|c Vera Gandzova
|
| 260 |
|
|
|a Moskva
|b Malodaja gvardija
|c 1959
|e Moskva
|f Krasnoje znamja
|
| 300 |
|
|
|a 156 s.
|
| 999 |
|
|
|c 573913
|d 575843
|
| 952 |
|
|
|a SNK
|b SNK
|y PREZ
|7 0
|p 17A0626343
|o snkSD 18142
|i snkV 93/60
|3 rekatalogizácia
|0 0
|1 0
|4 0
|d 2009-10-27
|l 0
|r 2025-12-02 00:00:00
|w 2026-02-23
|